Personnel management information for New York City Agency heads (Record no. 490744)

000 -LEADER
fixed length control field 00539cam a22001337a 4500
008 - FIXED-LENGTH DATA ELEMENTS--GENERAL INFORMATION
fixed length control field 180718b1970 xxu||||| |||| 00| 0 eng d
082 ## - DEWEY DECIMAL CLASSIFICATION NUMBER
Classification number Kx747 Un42p
245 ## - TITLE STATEMENT
Title Personnel management information for New York City Agency heads
Statement of responsibility, etc. by Department of Personnel, Civil Service Commission, United Nations
260 ## - PUBLICATION, DISTRIBUTION, ETC.
Place of publication, distribution, etc. New York
Name of publisher, distributor, etc. Department of Personnel
Date of publication, distribution, etc. 1970
300 ## - PHYSICAL DESCRIPTION
Extent 19p.
500 ## - GENERAL NOTE
General note Chairman: Harry I. Bronstein
700 ## - ADDED ENTRY--PERSONAL NAME
Personal name United Nations. Civisl Service Commission. Department of Personnel
700 ## - ADDED ENTRY--PERSONAL NAME
Personal name Bronstein, Harry I. (Chairman)
Holdings
Withdrawn status Lost status Damaged status Not for loan Permanent Location Current Location Date acquired Full call number Barcode Date last seen Price effective from Koha item type
        Indian Institute of Public Administration Indian Institute of Public Administration 2018-08-04 Kx747 Un42p GG12246 2018-08-04 2018-08-04 GG

Powered by Koha